Hadtörténelem előadása a katonai intézetekben (Az Orosz Katonai Szemle 1946 augusztusi (16.) számában Polák F. ezredes cikke) /

Elmentve itt :
Bibliográfiai részletek
Szerző: Erdélyi Gyula
Dokumentumtípus: Cikk
Megjelent: 1947
Sorozat:Honvéd : katonai folyóirat 2 No. 7
Kulcsszavak:Hadtudomány
Online Access:http://misc.bibl.u-szeged.hu/3388
LEADER 00659nab a2200169 i 4500
001 misc3388
005 20191106141817.0
008 170607s1947 hu o 0|| hun d
040 |a SZTE Miscellanea Repozitórium  |b hun 
041 |a hun 
100 1 |a Erdélyi Gyula 
245 1 0 |a Hadtörténelem előadása a katonai intézetekben   |h [elektronikus dokumentum] :  |b (Az Orosz Katonai Szemle 1946 augusztusi (16.) számában Polák F. ezredes cikke) /  |c  Erdélyi Gyula 
260 |c 1947 
300 |a 49-52 
490 0 |a Honvéd : katonai folyóirat  |v 2 No. 7 
695 |a Hadtudomány 
856 4 0 |u http://misc.bibl.u-szeged.hu/3388/1/honved_002_007_049-052.pdf  |z Dokumentum-elérés